Travel from The United Kingdom to New Zealand - Double Whammy - Statistics

General Stats
  • This quiz has been taken 25 times
  • The average score is 12 of 26
Answers on the Grid
Answers color-coded by a green-red scale on the quiz's grid according to % correct below.
United Kingdom
Bay of Biscay
Portugal
Mauritania
Turkey
English Channel
France
Spain
San Marino
Black Sea
Netherlands
Italy
Strait of Gibraltar
Morocco
Sudan
Luxembourg
Tunisia
Malta
Algeria
Chad
Czech Republic
Switzerland
Persian Gulf
Libya
Egypt
Greece
Strait of Bab al-Mandab
Djibouti
Saudi Arabia
Gulf of Aqaba
Iraq
Yemen
Musandam Peninsula
United Arab Emirates
Lebanon
Syria
Iran
Strait of Hormuz
Qatar
Kuwait
India
Pakistan
Afghanistan
Azerbaijan
Armenia
Myanmar
Thailand
Laos
Russia
Caspian Sea
Singapore
Malaysia
Indonesia
Gulf of Thailand
Bangladesh
Bay of Bengal
Brunei
Timor-Leste
Timor Sea
Yellow Sea
Cambodia
Gulf of Aden
Vietnam
Australia
Papua New Guinea
Bhutan
China
Philippines
Tasman Sea
New Zealand
 
Answer Stats
Answer % Correct
United Kingdom
100%
France
81%
English Channel
75%
Algeria
63%
Morocco
63%
Spain
63%
Libya
56%
Strait of Gibraltar
56%
Egypt
44%
Australia
38%
Gulf of Aqaba
38%
Malaysia
38%
New Zealand
38%
Saudi Arabia
38%
Thailand
38%
United Arab Emirates
38%
India
31%
Indonesia
31%
Iran
31%
Musandam Peninsula
31%
Myanmar
31%
Pakistan
31%
Strait of Hormuz
31%
Tasman Sea
31%
Timor-Leste
25%
Timor Sea
25%
No matching quizzes found
Score Distribution
Percent of People with Each Score
Percentile by Number Answered
Your Score History
You have not taken this quiz